00000000nam 2200000zi 4500
0019.867795
003CaOODSP
00520221107162416
006m     o  d f      
007cr |||||||||||
008190130s1959    onc     ot   f|0| 0 eng d
040 |aCaOODSP|beng|erda|cCaOODSP
043 |an-cn---
0861 |aM38-1/48-1959E-PDF
1001 |aRowland, John F., |eauthor.
24514|aThe crystallography of compounds in the calcium oxide-niobium pentoxide system / |cby John F. Rowland, Norman F. H. Bright and Arnout Jongejan.
264 1|aOttawa, Ontario : |bDepartment of Mines and Technical Surveys, |c1959.
300 |a1 online resource (19 pages)
336 |atext|btxt|2rdacontent
337 |acomputer|bc|2rdamedia
338 |aonline resource|bcr|2rdacarrier
4901 |aMines Branch Research Report ; |vR 48
500 |a"Reprinted from the Proceedings of the Seventh Annual Conference on Industrial Applications of X-Ray Analysis, held at Denver, Colorado on August 13, 14, and 15, 1958."
500 |a"June 8, 1959."
504 |aIncludes bibliographic references.
69207|2gccst|aMinerals
7001 |aBright, Norman F. H., |eauthor.
7001 |aJongejan, Arnout, |eauthor.
7101 |aCanada. |bDepartment of Mines and Technical Surveys.
7101 |aCanada. |bMines Branch.
830#0|aResearch report (Canada. Mines Branch)|vR 48.|w(CaOODSP)9.855660
85640|qPDF|s1.10 MB|uhttps://publications.gc.ca/collections/collection_2019/rncan-nrcan/m38-1/M38-1-48-1959-eng.pdf